000 00708nam a2200193 4500
999 _c13896
_d13896
020 _a9789715699716
082 _aFil. 004.678 R6375c 2019
100 _aRodrigo, Didith T.
245 _aCommon courtesies online /
_cwritten by Rodrigo, Didith T ; translated by Reg S. Rodrigo ; illustrated by Neithan DL. Casano
260 _aMakati City
_bThe Bookmark, Inc.
_cc2019
300 _a16 pages :
_bchiefly color illustrations ;
_c25 x 20 cm
526 _a000-099
650 _aInternet and children
650 _aOnline etiquette
650 _a Etiquette for children and teenagers
650 _aCourtesy -- Juvenile literature
650 _aChildren's literature, Philippine (English)
942 _2ddc
_cBK